Scrambled Countries - Sudden Death - Statistics

General Stats
  • This quiz has been taken 35 times
  • The average score is 11 of 15
Answers on the Grid
Answers color-coded by a green-red scale on the quiz's grid according to % correct below.
sues editntta
danaca
oxecmi
ariblz
eraitnagn
tygpe
ihcan
siusar
diani
ajpna
rlauaaist
yaitl
fenrac
anymrge
ipsna
dnsnmto ogiao
iocnnuas
oolnnd
emor
ignwoahstn
fiaso
hiedl
seynyd
lkinheis
bernil
iarps
taawot
gejibin
woocsm
awarsw
 
Answer Stats
Answer % Correct
diani
88%
danaca
85%
ipsna
85%
oxecmi
85%
ajpna
82%
fenrac
82%
ihcan
82%
anymrge
76%
ariblz
76%
tygpe
76%
yaitl
74%
siusar
71%
eraitnagn
50%
rlauaaist
44%
sues editntta
29%
No matching quizzes found
Score Distribution
Percent of People with Each Score
Percentile by Number Answered
Your Score History
You have not taken this quiz